Técnicas de dibujo.

Sparad:
Bibliografiska uppgifter
Huvudupphovsman: Mateu-Mestre, Marcos (book design)
Övriga upphovsmän: Cepero Martínez, Iris (traductora)
Materialtyp: Bok
Publicerad: Madrid, España: Anaya Multimedia, 2020.
Serie:Espacio de diseño.
Ämnen:
Taggar: Lägg till en tagg
Inga taggar, Lägg till första taggen!

MARC

LEADER 00000nam a22000007a 4500
003 CL-VaPUC
005 20250407202441.0
008 250311t2020 ||||| |||| 00| 0 eng d
999 |c 447214  |d 447212 
020 |a 978-84-415-4274-7 
040 |c Pontificia Universidad Católica de Valparaíso 
082 |a 741.2 MAT 2020 
100 |a Mateu-Mestre, Marcos  |e book design  |9 896547 
245 |a Técnicas de dibujo. 
260 |a Madrid, España:  |b Anaya Multimedia,  |c 2020. 
300 |a 135 páginas:  |b ilustraciones. 
490 |a Espacio de diseño. 
500 |a c.1. Instituto Arcos.08-01-2025. 
583 |c 20250311  |k Gabriela Rodríguez Cuevas 
650 0 |9 559979  |a Técnicas de dibujo  |x Enseñanza 
650 0 |9 260181  |a Dibujo   |x Aparatos e instrumentos 
650 0 |9 888320  |a Dibujo a lápiz 
700 |9 896548  |a Cepero Martínez, Iris  |e traductora 
942 |2 ddc  |c BK  |n 0 
952 |0 0  |1 0  |2 ddc  |4 0  |6 741_200000000000000_MAT_2020  |7 0  |8 A  |9 600911  |a BIBINC  |b BIBINC  |d 2025-03-11  |e Instituto Arcos  |i 5665732  |l 3  |o 741.2 MAT 2020  |p 5665732  |r 2025-04-23  |s 2025-04-17  |t 1  |w 2025-03-11  |y BK  |k IFP